1375 1242 1405 1240 1662 1056 1706 1720 1009 1935 1450 1277 1518 1573 1177 1346 1112 1316 1760 1161 1287 1958 1540 1935 1998 1492 1223 1567 1692 1883 1995 1421 1818 1625 1293 2000 1003 1572 1635 1094 1376 1079 1356 1340 1786 1917 1452 1888 1075 1848 1299 1949 1805 1848 1028 1072 1529 1003 1798 1935 1567 1364 1189 1287 1765 1634 1983 1368 1104 1228 1158 1537 1451 1573 1885 1832 1358 1469 1447 1814 1893 1277 1031 1664 1861 1268 1192 1706 1346 1893 1786 1682 1920 1693 1909 1579 1954 1677 1501 BCNSPRNW ULIB Ver.6.0+V

เปลี่ยนเป็นภาษาไทย

Change to English
 แสดงรายละเอียดบรรณานุกรม
  กลับหน้าหลัก

Brief Record : Get Marc (ISO 2709) : E-mail record : QR code < ปิดหน้าต่าง
LEADER : 00000nam 2200000uu 4500
001    13399111398
003     ULIB
008    110623s||||||||th 000 0 tha d
020    9786110300902
050  4 BQ942^bท321ต 2552
100 0  พุทธทาสภิกขุ,^d2449-2536
245 00 ตามรอยชีวิตพุทธทาสภิกขุ/^cพุทธทาสภิกขุ
260    กรุงเทพฯ :^bธรรมสภา,^c2552
300    269 หน้า :^bภาพประกอบ ;^c22 ซม.
600 07 พุทธทาสภิกขุ^d2449-2536
600 07 พระธรรมโกศาจารย์ (เงื่อม อินฺทปญฺโญ),^d2449-2536
650  7 ชีวประวัติ
650  7 ธรรมะ
945    ^p170^l0^i026447
995    ทศพร
999 ^a ใช้งานได้ทุกระบบ
รายการนี้ยังไม่มีแท็ก
คุณยังไม่ได้ล็อกอิน คุณสามารถมีกิจกรรมร่วมกับเว็บไซต์ได้ แต่ต้องล็อกอินก่อน ::
  ล็อกอิน

รายการสื่อสารสนเทศ

ลำดับที่ ประเภท เลขเรียก/บาร์โค้ด สถานที่ สถานะ
- ไม่พบข้อมูล -

รายการใกล้เคียง
    หัวเรื่อง [ชีวประวัติ]
    หัวเรื่อง [ธรรมะ]

BibComment


ยังไม่เคยถูกคอมเมนท์

คอมเมนท์ทรัพยากรรายการนี้
  คอมเมนท์: ตามรอยชีวิตพุทธทา..


 Copyright 2026. Bcnsprnw @Library